Procedimiento administrativo/ (Registro nro. 7989)

Detalles MARC
000 -LEADER
fixed length control field 01341nam a2200205Ia 4500
005 - FECHA Y HORA DE LA ÚLTIMA TRANSACCIÓN
control field 20230430092331.0
008 - FIXED-LENGTH DATA ELEMENTS--GENERAL INFORMATION
fixed length control field 230427s9999 xx 000 0 und d
020 ## - INTERNATIONAL STANDARD BOOK NUMBER
International Standard Book Number 9501419304
040 ## - CATALOGING SOURCE
Original cataloging agency UPAN
Transcribing agency Biblioteca San Vicente
Description conventions RCAA2
041 ## - LANGUAGE CODE
Language code of text/sound track or separate title spa
082 ## - DEWEY DECIMAL CLASSIFICATION NUMBER
Classification number 342.06
Item number G673p
100 ## - MAIN ENTRY--PERSONAL NAME
Personal name Gordillo, Agustin
Relator code aut.
245 #0 - TITLE STATEMENT
Title Procedimiento administrativo/
Statement of responsibility, etc Agustín Gordillo
260 ## - PUBLICATION, DISTRIBUTION, ETC. (IMPRINT)
Place of publication, distribution, etc Argentina:
Name of publisher, distributor, etc Lexis Nexis,
Date of publication, distribution, etc 2003
300 ## - PHYSICAL DESCRIPTION
Extent 604 p.;
Dimensions 27 cm.
505 ## - FORMATTED CONTENTS NOTE
Formatted contents note Decreto- ley 19.549/1972 Procedimientos administrativos.<br/>Titulo I: Procedimiento administrativo.<br/>Titulo II: Competencia del órgano <br/>Titulo III: Requisitos especiales del acto administrativo<br/>Titulo IV: Impugnación judicial de los actos administrativos<br/>Reglamentos de procedimientos administrativos<br/>Titulo I: Reglamento de procedimientos administrativos<br/>Titulo II: De los expedientes<br/>Titulo III: Escritos. Domicilio. Documentos. Requisitos<br/>Titulo V: de las notificaciones<br/>Titulo VI: De la prueba<br/>Titulo VIII: Queja por defectos de tramitación e incumplimiento de plazos ajenos al tramite de recursos<br/>Titulo IX: Los actos administrativos de alcance general<br/>Titulo X: Reconstrucción de expedientes<br/>Titulo XII: Normas procesales supletorias
650 ## - SUBJECT ADDED ENTRY--TOPICAL TERM
Source of heading or term LEMB
General subdivision Procedimiento Administrativo
650 ## - SUBJECT ADDED ENTRY--TOPICAL TERM
Source of heading or term LEMB
General subdivision Actos administrativos
942 ## - ADDED ENTRY ELEMENTS (KOHA)
Koha item type Libros
Source of classification or shelving scheme Dewey Decimal Classification
Existencias
Withdrawn status Lost status Source of classification or shelving scheme Damaged status Not for loan Collection code Home library Current library Date acquired Total Checkouts Full call number Barcode Date last seen Price effective from Koha item type Copy number
    Dewey Decimal Classification     Colección General Biblioteca UPAN San Vicente Biblioteca UPAN San Vicente 27/04/2023   342.06 G673p 12000617 27/04/2023 27/04/2023 Libros  
    Dewey Decimal Classification     Colección General Biblioteca UPAN San Vicente Biblioteca UPAN San Vicente 30/04/2023   342.06 G673p 12000618 30/04/2023 30/04/2023 Libros 01
    Dewey Decimal Classification     Colección General Biblioteca UPAN San Vicente Biblioteca UPAN San Vicente 30/04/2023   342.06 G673p 12004291 30/04/2023 30/04/2023 Libros 02
    Dewey Decimal Classification     Colección General Biblioteca UPAN San Vicente Biblioteca UPAN San Vicente 30/04/2023   342.06 G673p 12004290 30/04/2023 30/04/2023 Libros 03
    Dewey Decimal Classification     Colección General Biblioteca UPAN San Vicente Biblioteca UPAN San Vicente 30/04/2023   342.06 G673p 12004292 30/04/2023 30/04/2023 Libros 04